Will to argue : (Record no. 154657)

MARC details
000 -LEADER
fixed length control field 00629nam a22001937a 4500
005 - DATE AND TIME OF LATEST TRANSACTION
control field 20180724100850.0
010 ## - LCCN (DPL NO)
LC control number ENG-123539
020 ## - INTERNATIONAL STANDARD BOOK NUMBER
Terms of availability 850.00
International Standard Book Number 9789386552280
035 ## - SYSTEM CONTROL NUMBER
System control number EN-107071
037 ## - SOURCE OF ACQUISITION
Source of stock number/acquisition DBAD/PUB
082 ## - DEWEY DECIMAL CLASSIFICATION NUMBER
Classification number 864
100 ## - MAIN ENTRY--PERSONAL NAME
Personal name Satpathy, Sumanyu
245 ## - TITLE STATEMENT
Title Will to argue :
Statement of responsibility, etc by Sumanyu Satpaty
Remainder of title studies in late colonial and postcolonial controversies /
260 ## - PUBLICATION, DISTRIBUTION, ETC. (IMPRINT)
Place of publication, distribution, etc New Delhi
Name of publisher, distributor, etc Primus Books
Date of publication, distribution, etc 2017
270 ## - ADDRESS
Address Arakashan Road, Paharganj,
City New Delhi
Postal code 110055
300 ## - PHYSICAL DESCRIPTION
Extent x,222p.
Dimensions 24cm. (Hb)
500 ## - GENERAL NOTE
General note It includes index, appendix and bibliography.
942 ## - ADDED ENTRY ELEMENTS (KOHA)
Source of classification or shelving scheme Dewey Decimal Classification
Item type English Books
Classification part 864
Call number suffix SAT
Holdings
Withdrawn status Lost status Not for loan Collection code Home library Current library Date acquired Source of acquisition Cost, normal purchase price Full call number Barcode Copy number Cost, replacement price Koha item type
    Not For Loan Non-fiction D.B.Act.Division Patel Nagar 23/07/2018 DBAD/PUB 850.00 864 SAT EN-107071 1 850.00 English Books
      Non-fiction Shahdara Branch Shahdara Branch 10/05/2023   850.00 864 SAT EN-120330 1   English Books

© Delhi Public Library
Hit Counter
free hit counter